000 00630nam a2200217Ia 4500
003 OSt
005 20220928144920.0
006 a|||||r|||| 00| 0
007 ta
008 220927b |||||||| |||| 00| 0 eng d
024 _a77135
037 _cTextual
040 _aSDCL
_cSDCL
_beng
041 _2eng
_aeng
082 _aO-,2M56w, K9
100 _aChappelow Allan
_9510446
245 0 _aShaw- The Chaucker-out A biographical exposition and critique and a companion to and commentary on Shaw the Villager.
260 _c1969
942 _hO-,2M56w, K9
_cTEXL
_2CC
999 _c830539
_d830539